| 000 | 00730nam a2200229 a 4500 | ||
|---|---|---|---|
| 001 | 50280 | ||
| 003 | BD-RjUL | ||
| 005 | 20211209075502.0 | ||
| 008 | 160824s1970 pk ||||| |||| 00| 0 eng d | ||
| 035 | _a(BD-RjUL)50400 | ||
| 040 |
_aBD-RjUL _beng _cBD-RjUL _dBD-RjUL |
||
| 041 | _aeng | ||
| 082 |
_223 _a368 _bSHI 1970 |
||
| 100 |
_aSharma, V. B. _9150696 |
||
| 245 | 1 | 0 |
_aInsurance principles, practice & legislation : _binsurance legislation in Pakistan with University of Karachi Papers / _cV. B. Sharma and A. N. Varma |
| 250 | _a5th rev. and enlgrea ed. | ||
| 260 |
_aKarachi : _bUnion Book Stall, _c1970 |
||
| 300 |
_a379 p. ; _c23 cm. |
||
| 650 |
_aInsurance _9150697 |
||
| 700 |
_aVarma, A. N. _9150698 |
||
| 942 |
_2ddc _cBK |
||
| 999 |
_c50280 _d50280 |
||